Normal view
MARC view
- Cruise missiles
Entry Topical Term
001 - CONTROL NUMBER
- control field: 110943
003 - CONTROL NUMBER IDENTIFIER
- control field: NUST
005 - DATE AND TIME OF LATEST TRANSACTION
- control field: 20230321145323.0
008 - FIXED-LENGTH DATA ELEMENTS
- fixed length control field: 230321|| aca||aabn | a|a d
040 ## - CATALOGING SOURCE
- Original cataloging agency: NUST
- Transcribing agency: NUST
150 ## - HEADING--TOPICAL TERM
- Topical term or geographic name entry element: Cruise missiles
670 ## - SOURCE DATA FOUND
- Source citation: Work cat.: (NUST)0: Fahlstrom, Paul Gerin, author. 110942, Introduction to UAV systems /
